[Event "CZE-chT2D 2223"]
[Site "Czech Republic"]
[Date "2023.03.05"]
[Round "10.6"]
[White "Poslusny, Martin"]
[Black "Ambroz, Antonin"]
[Result "1/2-1/2"]
[WhiteElo "1946"]
[BlackElo "1923"]
[PlyCount "105"]
[EventDate "2022.10.16"]
[EventType "team-tourn"]
[EventRounds "11"]
[EventCountry "CZE"]
[SourceTitle "EXT 2024"]
[Source "ChessBase"]
[SourceDate "2023.10.10"]
[SourceVersion "1"]
[SourceVersionDate "2023.10.10"]
[SourceQuality "1"]
[WhiteTeam "Usti nad Orlici"]
[BlackTeam "Lanskroun"]
[WhiteTeamCountry "CZE"]
[BlackTeamCountry "CZE"]

1. c4 e5 2. Nc3 Nc6 3. g3 f5 4. Bg2 Nf6 5. d3 Bb4 6. Bd2 a5 7. e3 0-0 8. Nge2 d6 9. 0-0 Bd7 10. d4 Rb8 11. Qc2 Kh8 12. a3 Bxc3 13. Bxc3 Ne4 14. b4 axb4 15. axb4 Qf6 16. b5 Nxc3 17. Qxc3 exd4 18. exd4 Ne7 19. Ra7 c6 20. b6 Be6 21. Rb1 Qf7 22. Rb4 Qf6 23. Qa1 Qf7 24. Qc3 Qf6 25. Qe3 Rfe8 26. Qf4 Bd7 27. Ra3 g5 28. Qd2 Ng6 29. f4 g4 30. c5 Qe7 31. Rb2 dxc5 32. d5 Qf6 33. Rd3 c4 34. Qc3 Qxc3 35. Rxc3 Ne7 36. dxc6 Bxc6 37. Rxc4 Bxg2 38. Kxg2 Nc6 39. Nd4 Nxd4 40. Rxd4 Rbd8 41. Rc4 Rc8 42. Rbc2 Re2+ 43. Rxe2 Rxc4 44. Re7 Rc2+ 45. Kg1 Rc1+ 46. Kf2 Rc2+ 47. Ke1 Rxh2 48. Rxb7 Rb2 49. Kf1 Kg8 50. Kg1 Rb3 51. Kf2 Rf3+ 52. Ke2 Rb3 53. Kf2 1/2-1/2

[Event "CZE-chT2D 1617"]
[Site "Czech Republic"]
[Date "2017.04.02"]
[Round "11.6"]
[White "Poslusny, Martin"]
[Black "Svanda, Ondrej"]
[Result "0-1"]
[WhiteElo "1948"]
[BlackElo "2007"]
[PlyCount "76"]
[EventDate "2016.10.09"]
[EventType "team-tourn"]
[EventRounds "11"]
[EventCountry "CZE"]
[SourceTitle "EXT 2022"]
[Source "ChessBase"]
[SourceDate "2021.10.06"]
[SourceVersion "1"]
[SourceVersionDate "2021.10.06"]
[SourceQuality "1"]
[WhiteTeam "Usti nad Orlici"]
[BlackTeam "Policka Stefanydes"]
[WhiteTeamCountry "CZE"]
[BlackTeamCountry "CZE"]

1. d4 Nf6 2. Nf3 c5 3. c3 e6 4. Bg5 Be7 5. Nbd2 b6 6. e3 Bb7 7. Bd3 0-0 8. 0-0 h6 9. Bh4 cxd4 10. exd4 d6 11. Re1 Nbd7 12. Bg3 Nh5 13. Ne4 Nxg3 14. Nxg3 Nf6 15. Rc1 Qd7 16. Qe2 Bc6 17. c4 Bxf3 18. Qxf3 d5 19. c5 bxc5 20. dxc5 Rfc8 21. b4 Rab8 22. a3 a5 23. Rb1 axb4 24. axb4 Qa4 25. Qf4 Bxc5 26. Rec1 Bf8 27. Rxc8 Rxc8 28. Qd2 Rb8 29. b5 Bc5 30. h3 Qd4 31. Qc2 Ra8 32. Rc1 Ra1 33. b6 Qxf2+ 34. Kh2 Rxc1 35. Qxc1 Nd7 36. b7 Qe3 37. Qb1 Bd6 38. Qc2 Bxg3+ 0-1

[Event "CZE-chT2D 1516"]
[Site "Czech Republic"]
[Date "2016.02.07"]
[Round "7.7"]
[White "Poslusny, Martin"]
[Black "Novotny, Josef1111"]
[Result "0-1"]
[WhiteElo "1947"]
[BlackElo "2090"]
[PlyCount "56"]
[EventDate "2015.10.18"]
[EventType "team-tourn"]
[EventRounds "11"]
[EventCountry "CZE"]
[SourceTitle "EXT 2022"]
[Source "ChessBase"]
[SourceDate "2021.10.06"]
[SourceVersion "1"]
[SourceVersionDate "2021.10.06"]
[SourceQuality "1"]
[WhiteTeam "Usti nad Orlici"]
[BlackTeam "Rychnov nad Kneznou"]
[WhiteTeamCountry "CZE"]
[BlackTeamCountry "CZE"]

1. d4 e6 2. Nf3 d6 3. c4 g6 4. Nc3 Nh6 5. e4 f6 6. Bd3 Bg7 7. 0-0 0-0 8. b4 Nc6 9. b5 Ne7 10. Qc2 Bd7 11. Bb2 Rc8 12. a4 Kh8 13. Rae1 g5 14. Nd2 Ng6 15. Ne2 e5 16. g3 Bh3 17. f4 Bxf1 18. Rxf1 gxf4 19. gxf4 Ng4 20. Rf3 exf4 21. e5 Ne3 22. Qb1 fxe5 23. Ng3 Nh4 24. Rxe3 fxe3 25. dxe5 dxe5 26. Nde4 Nf3+ 27. Kg2 Qh4 28. h3 Nd2 0-1

[Event "CZE-chT2D 1415"]
[Site "Czech Republic"]
[Date "2014.12.14"]
[Round "4.7"]
[White "Poslusny, Martin"]
[Black "Kraus, Ondrej"]
[Result "1/2-1/2"]
[WhiteElo "1952"]
[BlackElo "2022"]
[PlyCount "75"]
[EventDate "2014.11.02"]
[EventType "team-tourn"]
[EventRounds "11"]
[EventCountry "CZE"]
[SourceTitle "EXT 2022"]
[Source "ChessBase"]
[SourceDate "2021.10.06"]
[SourceVersion "1"]
[SourceVersionDate "2021.10.06"]
[SourceQuality "1"]
[WhiteTeam "Usti nad Orlici"]
[BlackTeam "Pardubice AKIS"]
[WhiteTeamCountry "CZE"]
[BlackTeamCountry "CZE"]

1. d4 d5 2. Nf3 Nf6 3. Bf4 e6 4. e3 Be7 5. Bd3 c5 6. dxc5 Bxc5 7. 0-0 0-0 8. c4 Nc6 9. Nc3 h6 10. a3 dxc4 11. Bxc4 Qe7 12. b4 Rd8 13. Qb3 Bb6 14. Na4 Nd5 15. Nxb6 Nxb6 16. Rfd1 Rxd1+ 17. Rxd1 Nxc4 18. Qxc4 e5 19. Bg3 Be6 20. Qc3 f6 21. h3 Rc8 22. Qb2 Qf7 23. Rd6 Qe7 24. Rd2 g5 25. Ne1 Qc7 26. Nd3 Bf5 27. f3 Rd8 28. e4 Be6 29. Nc5 Bc4 30. Rxd8+ Nxd8 31. Qd2 b6 32. Na4 Ne6 33. Bf2 Nf4 34. Nb2 Be6 35. Be3 Ng6 36. a4 h5 37. a5 bxa5 38. bxa5 1/2-1/2

[Event "CZE-chT2D 1011"]
[Site "Czech Republic"]
[Date "2011.03.06"]
[Round "9.8"]
[White "Poslusny, Martin"]
[Black "Tesar, Jan"]
[Result "1/2-1/2"]
[WhiteElo "1998"]
[BlackElo "2143"]
[PlyCount "33"]
[EventDate "2010.10.17"]
[EventType "team-tourn"]
[EventRounds "11"]
[EventCountry "CZE"]
[SourceTitle "EXT 2012"]
[Source "ChessBase"]
[SourceDate "2011.11.24"]
[SourceVersion "1"]
[SourceVersionDate "2011.11.24"]
[SourceQuality "1"]
[WhiteTeam "Usti nad Orlici"]
[BlackTeam "Trebic Caissa"]
[WhiteTeamCountry "CZE"]
[BlackTeamCountry "CZE"]

1. d4 d5 2. c4 e6 3. cxd5 exd5 4. Nc3 Nf6 5. Bg5 Bb4 6. Qb3 c5 7. e3 Nc6 8. Bb5 0-0 9. Bxc6 bxc6 10. Nge2 Qd6 11. 0-0 Bf5 12. Bf4 Qe7 13. a3 Bxc3 14. Qxc3 Ne4 15. Qc1 c4 16. Ng3 Bg4 17. Nxe4 1/2-1/2

[Event "CZE-chT2D 1011"]
[Site "Czech Republic"]
[Date "2011.02.20"]
[Round "8"]
[White "Poslusny, Martin"]
[Black "Mareckova, Martina"]
[Result "0-1"]
[WhiteElo "1998"]
[BlackElo "2056"]
[PlyCount "106"]
[EventDate "2010.10.17"]
[EventType "team-tourn"]
[EventRounds "11"]
[EventCountry "CZE"]
[SourceTitle "EXT 2012"]
[Source "ChessBase"]
[SourceDate "2011.11.24"]
[SourceVersion "1"]
[SourceVersionDate "2011.11.24"]
[SourceQuality "1"]
[WhiteTeam "Usti nad Orlici"]
[BlackTeam "Brno Duras II"]
[WhiteTeamCountry "CZE"]
[BlackTeamCountry "CZE"]

1. d4 Nf6 2. c4 g6 3. Nc3 Bg7 4. e4 d6 5. f4 0-0 6. Nf3 c5 7. dxc5 dxc5 8. Qxd8 Rxd8 9. e5 Ne8 10. Bd2 Nc6 11. 0-0-0 Bf5 12. Be2 Nc7 13. Be3 b6 14. h3 Nb4 15. Rxd8+ Rxd8 16. Rd1 Rxd1+ 17. Kxd1 Kf8 18. a3 Nc6 19. g4 Bd7 20. Nd5 Ne8 21. Ng5 h6 22. Ne4 f6 23. exf6 exf6 24. b4 cxb4 25. axb4 f5 26. Ng3 fxg4 27. hxg4 Nd4 28. Bxd4 Bxd4 29. f5 Be5 30. Ne4 gxf5 31. gxf5 Bxf5 32. Nec3 Nf6 33. Nxf6 Bxc3 34. Nd5 Bd4 35. Nc7 a5 36. Nb5 Be5 37. bxa5 bxa5 38. c5 Ke7 39. Kd2 Bd7 40. Kc2 Bc6 41. Kb3 h5 42. Na7 Bd5+ 43. Ka4 h4 44. Bg4 Bc3 45. c6 Be5 46. Bh3 Bc7 47. Kb5 Be6 48. Bg2 h3 49. Bf3 Bb8 50. Kb6 Bxa7+ 51. Kxa7 a4 52. c7 a3 53. Bd5 Kd6 0-1

[Event "Usti nad Orlici op"]
[Site "Usti nad Orlici"]
[Date "2006.05.01"]
[Round "4"]
[White "Poslusny, Martin"]
[Black "Palla, Rostislav"]
[Result "1-0"]
[WhiteElo "1968"]
[BlackElo "1791"]
[PlyCount "73"]
[EventDate "2006.04.29"]
[EventType "swiss"]
[EventRounds "9"]
[EventCountry "CZE"]
[SourceTitle "CBM 112 Extra"]
[Source "ChessBase"]
[SourceDate "2006.07.14"]
[SourceVersion "1"]
[SourceVersionDate "2006.07.14"]
[SourceQuality "1"]

1. d4 d5 2. c4 e6 3. Nc3 Nf6 4. Bg5 Nbd7 5. e3 c6 6. cxd5 cxd5 7. Bd3 a6 8. Nge2 b5 9. 0-0 Be7 10. f3 0-0 11. e4 Nxe4 12. Bxe7 Nxc3 13. bxc3 Qxe7 14. Qc2 g6 15. Rae1 Nb6 16. Nf4 Qg5 17. g3 Nc4 18. Kf2 Bd7 19. h4 Qh6 20. Rh1 Rac8 21. Qc1 Rc7 22. g4 Rfc8 23. g5 Qf8 24. h5 Nd6 25. hxg6 hxg6 26. Ne2 Nf5 27. Rh3 Qd6 28. Reh1 Kf8 29. Bxf5 exf5 30. Rh7 b4 31. Qe3 Be6 32. cxb4 Qxb4 33. Qe5 Rc2 34. Rxf7+ Bxf7 35. Rh8+ Bg8 36. Qf6+ Ke8 37. Qe6+ 1-0

[Event "Usti nad Orlici op"]
[Site "Usti nad Orlici"]
[Date "2006.04.29"]
[Round "1"]
[White "Kanovsky, David"]
[Black "Poslusny, Martin"]
[Result "1-0"]
[WhiteElo "2352"]
[BlackElo "1968"]
[PlyCount "111"]
[EventDate "2006.04.29"]
[EventType "swiss"]
[EventRounds "9"]
[EventCountry "CZE"]
[SourceTitle "CBM 112 Extra"]
[Source "ChessBase"]
[SourceDate "2006.07.14"]
[SourceVersion "1"]
[SourceVersionDate "2006.07.14"]
[SourceQuality "1"]

1. e4 c5 2. Nf3 g6 3. d4 cxd4 4. Nxd4 Nc6 5. Ne2 Bg7 6. Nbc3 Nf6 7. g3 d6 8. Bg2 Be6 9. 0-0 0-0 10. h3 Rc8 11. Nd5 Qa5 12. a4 Bxd5 13. exd5 Nb4 14. c3 Nbxd5 15. b4 Nxb4 16. cxb4 Qxb4 17. Bd2 Qc5 18. Bxb7 Rb8 19. Bf3 Qf5 20. Bg2 Ne4 21. Rc1 Nxd2 22. Qxd2 Rb2 23. Qd1 Bh6 24. Rc7 Qe5 25. Nf4 Bxf4 26. gxf4 Qxf4 27. Rxe7 a5 28. Re4 Qf6 29. Qd4 Kg7 30. Qxf6+ Kxf6 31. Rd1 Rc8 32. Rxd6+ Kg7 33. Rf4 Rc7 34. Ra6 Rb4 35. Rxb4 axb4 36. Rb6 Rc4 37. a5 Rc1+ 38. Bf1 Ra1 39. a6 Ra4 40. Kg2 Kh6 41. Bc4 f5 42. Bg8 Ra3 43. h4 Kh5 44. Bxh7 Kxh4 45. Bxg6 Kg5 46. Bf7 Ra4 47. Bb3 Ra3 48. Bc4 Ra4 49. Be6 Ra3 50. Bc8 b3 51. Rb5 Kh6 52. Rxf5 b2 53. Rb5 Ra2 54. Bb7 Kg7 55. Kg3 Kf6 56. Kh4 1-0

[Event "CZE-Cup01 sf bd03 email"]
[Site "Czech email"]
[Date "2003.??.??"]
[Round "?"]
[White "Hrubcik, Martin"]
[Black "Poslusny, Martin"]
[Result "1-0"]
[WhiteElo "2000"]
[BlackElo "1800"]
[PlyCount "111"]
[EventDate "2003.??.??"]
[EventType "tourn (corr)"]
[EventRounds "14"]
[EventCountry "CZE"]
[SourceTitle "Corr 2006"]
[Source "ChessBase"]
[SourceDate "2006.04.01"]
[SourceVersion "3"]
[SourceVersionDate "2006.04.01"]
[SourceQuality "1"]

1. e4 c5 2. Nf3 Nc6 3. Bb5 g6 4. 0-0 Bg7 5. c3 Nf6 6. Qe2 0-0 7. e5 Nd5 8. d4 cxd4 9. cxd4 d6 10. Rd1 Bg4 11. Qe4 Bxf3 12. Qxf3 dxe5 13. dxe5 e6 14. Bxc6 bxc6 15. Qe2 Qh4 16. Nd2 Nf4 17. Qf3 Nd5 18. Re1 Rad8 19. Re4 Qg5 20. h4 Qf5 21. g4 Qxf3 22. Nxf3 f5 23. gxf5 exf5 24. Ra4 Rd7 25. b3 Nb6 26. Ra5 Rd1+ 27. Kg2 Rf7 28. Bb2 Rd5 29. Rxd5 Nxd5 30. Rd1 Re7 31. Ba3 Re6 32. Bd6 Nf4+ 33. Kf1 Re8 34. Rc1 Rc8 35. Rc4 Ne6 36. Ra4 Ra8 37. Ra6 Kf7 38. Rxc6 Bh6 39. Ra6 Ke8 40. b4 Kd7 41. a3 Kc8 42. Rc6+ Kb7 43. b5 Rc8 44. Rxc8 Kxc8 45. Ke2 Nf4+ 46. Kd2 Nh3+ 47. Kc2 Nxf2 48. Bc5 Ne4 49. Bxa7 g5 50. hxg5 Bxg5 51. Nxg5 Nxg5 52. a4 h5 53. Bf2 Ne4 54. e6 Nd6 55. Kd3 f4 56. Kd4 1-0

[Event "CZE-Cup01 sf bd03 email"]
[Site "Czech email"]
[Date "2003.??.??"]
[Round "?"]
[White "Poslusny, Martin"]
[Black "Zednik, Martin"]
[Result "1/2-1/2"]
[WhiteElo "1800"]
[BlackElo "1800"]
[PlyCount "158"]
[EventDate "2003.??.??"]
[EventType "tourn (corr)"]
[EventRounds "14"]
[EventCountry "CZE"]
[SourceTitle "Corr 2006"]
[Source "ChessBase"]
[SourceDate "2006.04.01"]
[SourceVersion "3"]
[SourceVersionDate "2006.04.01"]
[SourceQuality "1"]

1. d4 d5 2. c4 c6 3. Nf3 Nf6 4. e3 Bf5 5. Nc3 e6 6. Be2 h6 7. Qb3 Qc7 8. Ne5 Bd6 9. f4 0-0 10. 0-0 Ne4 11. Nxe4 Bxe4 12. Bd2 a5 13. c5 Be7 14. Be1 Nd7 15. Bg3 Nxe5 16. fxe5 a4 17. Qb4 b6 18. Qxb6 Qxb6 19. cxb6 Rfb8 20. Be1 Rxb6 21. Bc3 c5 22. dxc5 Bxc5 23. Kf2 Rab8 24. Rac1 R6b7 25. g3 Bf8 26. a3 Rxb2 27. Bxb2 Rxb2 28. Rc8 Ra2 29. Rd1 Rxa3 30. Rd2 f5 31. Bb5 g6 32. Bd7 Kf7 33. Rb2 Rb3 34. Rxb3 axb3 35. Rb8 Bc2 36. Rb6 Bc5 37. Rb7 Bf8 38. Bc8+ Be7 39. Ke2 h5 40. h4 g5 41. hxg5 Kg6 42. Bxe6 Ba3 43. Bxd5 b2 44. Ba2 Kxg5 45. Rg7+ Kh6 46. Ra7 Bb4 47. e6 Bb3 48. Rb7 Bc4+ 49. Kf2 Bxa2 50. Rxb4 Bxe6 51. Kg2 Bd5+ 52. Kh3 Kg5 53. Rxb2 Be6 54. Rb6 Bd5 55. Rd6 Bf3 56. Rd7 Bg4+ 57. Kg2 Kf6 58. Kf2 Ke5 59. Rd4 Bh3 60. Rd8 Bg4 61. Re8+ Kd5 62. Rg8 Ke5 63. Rd8 Ke6 64. Ke1 Bf3 65. Kd2 Ke7 66. Rh8 Kf6 67. Kc3 Kg5 68. Rg8+ Kf6 69. Kd4 Be4 70. Kc5 Bf3 71. Kd6 Be4 72. Rh8 Kg5 73. Ke5 Kg4 74. Rh7 Kxg3 75. Rxh5 Kf3 76. Kd4 Kg4 77. Rh6 Kf3 78. Re6 Bb1 79. Ra6 Be4 1/2-1/2